Об'єднання християнських церков (Запис № 371055)

МАРК-запис
000 -Лідер
fixed length control field 00656nam a22002297a 4500
001 - Контрольний номер
control field 84745
003 - Ідентифікатор контрольного номера
control field UA-OsUOA
005 - Дата та час останнього входження (трансакції)
control field 20230703141056.0
007 - Фіксоване поле фізичного опису
fixed length control field ta
008 - Елементи даних фіксованої довжини – загальна інформація
fixed length control field 20120608b un ||||| |||| 00| 0 ukr d
040 ## - Джерело каталогізації
Агенція оригінальної каталогізації UA-OsUOA
Мова каталогізації ukr
Агенція, яка здійснювала перезапис UA-OsUOA
Агенція, яка здійснювала модифікацію UA-OsUOA
041 ## - Код мови
Код мови тексту/ звукової доріжки чи окремого заголовка (П) ukr
080 ## - Індекс Універсальної десяткової класифікації
Індекс Універсальної десяткової класифікації (УДК) (НП) 26/28
090 ## - Локальний шифр розміщення
Класифікаційний індекс УДК 26/28
Авторський знак (НП) А 65
100 ## - Основне введення – ім’я особи
Ім’я особи (НП) Андрей (Митрополит)
245 ## - Відомості про назву
Назва (НП) Об'єднання християнських церков
Дані про відповідальність (НП) Митрополит Андрей
260 ## - Публікація, розповсюдження і т.п. (Вихідні дані)
Місце публікації, розповсюдження і т.п. (П) Вінніпег
Дата публікації, розповсюдження і т.п. (П) 1983
300 ## - Фізичний опис
Обсяг 22 с.
650 #7 - Додаткове предметне введення – тематичний термін
Тематичний термін чи географічна назва, як елемент введення (НП) 26 Християнська Церква загалом
Джерело заголовка чи терміна UDC
942 ## - Додаткові елементи входу (Коха)
Тип елемента Koha Брошура
Source of classification or shelving scheme Universal Decimal Classification
955 ## - Код типу видання за змістом
Код типу видання за змістом (НП) Науково-популярні видання
Фонди
Стан вилучень Стан втрат Джерело класифікації або схеми стелажів Стан уражень Не для кредиту Код колекції Постійне місце розташування Поточне розміщення Дата придбання Усього замовленно Повний номер виклику Дата останнього перегляду Ціна ефективна від Тип елемента Koha Джерело придбання Інвентарний номер Штрих-код
    Universal Decimal Classification     Колекція бібліотеки інституту Св. Івана АБ - Абонемент НБ АБ - Абонемент НБ 08/06/2012   26/28 А 65 13/07/2019 08/06/2012 Брошура      
    Universal Decimal Classification       Наукова бібліотека ІДУД Наукова бібліотека ІДУД 30/06/2023   26/28 А 65 30/06/2023 30/06/2023 Брошура Акт надходжень №1/09.06.2023 (загальний) 2140422 2140422